| Tag |
First Indicator |
Second Indicator |
Subfields |
| LEADER |
00000cam a2200000 a 4500 |
| 001 |
in00002702721 |
| 005 |
20151202122935.0 |
| 008 |
110222s2011 ne ab b 101 0 eng |
| 010 |
|
|
|a 2011006136
|
| 020 |
|
|
|a 9789004206250 (hbk. : alk. paper)
|
| 020 |
|
|
|a 9004206256 (hbk. : alk. paper)
|
| 029 |
1 |
|
|a NLGGC
|b 333099923
|
| 035 |
|
|
|a (OCoLC)ocn705568044
|
| 035 |
|
|
|a (OCoLC)705568044
|
| 040 |
|
|
|a DLC
|c DLC
|d YDXCP
|d ERASA
|d OHX
|d BWX
|d CDX
|d CGU
|d UtOrBLW
|
| 042 |
|
|
|a pcc
|
| 043 |
|
|
|a a-is---
|
| 049 |
|
|
|a TXAM
|
| 050 |
0 |
0 |
|a GN778.32.I75
|b H68 2011
|
| 082 |
0 |
0 |
|a 933
|2 22
|
| 245 |
0 |
0 |
|a Household archaeology in Ancient Israel and beyond /
|c edited by Assaf Yasur-Landau, Jennie R. Ebeling, and Laura B. Mazow.
|
| 263 |
|
|
|a 1110
|
| 264 |
|
1 |
|a Leiden ;
|a Boston :
|b Brill,
|c 2011.
|
| 300 |
|
|
|a vi, 452 pages :
|b illustrations, maps ;
|c 25 cm.
|
| 336 |
|
|
|a text
|b txt
|2 rdacontent
|
| 337 |
|
|
|a unmediated
|b n
|2 rdamedia
|
| 338 |
|
|
|a volume
|b nc
|2 rdacarrier
|
| 490 |
1 |
|
|a Culture and history of the ancient Near East,
|x 1566-2055 ;
|v v. 50
|
| 500 |
|
|
|a Papers from a session at the Annual Meeting of the American Schools of Oriental Research held in Boston, Mass, Nov. 2008.
|
| 504 |
|
|
|a Includes bibliographical references (pages [391]-446) and index .
|
| 505 |
0 |
|
|a Introduction: The past and present of household archaeology in Israel / Assaf Yasur-Landau, Jennie Ebeling, and Laura Mazow -- Understanding houses, households, and the Levantine archaeological record / James W. Hardin -- Household archaeology in Israel : looking into the microscopic record / Ruth Shahack-Gross -- Applying on-site analysis of faunal assemblages from domestic contexts : a case study from the lower city of Hazor / Nimrod Marom and Sharon Zuckerman -- "The kingdom is his brick mould and the dynasty is his wall" : the impact of urbanization on middle Bronze Age households in the southern Levant / Assaf Yasur-Landau -- A tale of two houses: the role of pottery in reconstructing household wealth and composition / Nava Panitz-Cohen -- Differentiating between public and residential buildings : a case study from late Bronze Age II Tell es-Safi/Gath / Itzhaq Shai, Aren M. Maeir, Yuval Gadot, and Joe Uziel -- Household gleanings from Iron I Tel Dan / David Ilan -- Houses and households in settlements along the Yarkon River, Israel, during the Iron Age I : society, economy, and identity / Yuval Gadot -- Early Iron Age domestic material culture in Philistia and eastern Mediterranean Koine / David Ben-Shlomo -- Household archaeology in LHIIIC Tiryns / Philipp Stockhammer -- The archaeology of the extended family : a household compound from Iron II Tell en-Nasbeh / Aaron J. Brody -- Household economies in the kingdoms of Israel and Judah / Avraham Faust -- Household activities at Tel Beersheba / Lily Singer-Avitz -- The empire in the house, the house in the empire : toward a household archaeology perspective on the Assyrian Empire in the Levant / Virginia Rimmer Herrmann -- Cult corners in the Aegean and the Lvant / Louise A. Hitchcock -- Varieties of religious expression in the domestic setting / Beth Alpert Nakhai -- A problem of definition : "cultic" and "domestic" contexts in Philistia / Michael D. Press.
|
| 650 |
|
0 |
|a Bronze age
|z Israel
|v Congresses.
|
| 650 |
|
0 |
|a Iron age
|z Israel
|v Congresses.
|
| 651 |
|
0 |
|a Israel
|x Antiquities
|v Congresses.
|
| 650 |
|
0 |
|a Social archaeology
|z Israel
|v Congresses.
|
| 650 |
|
0 |
|a Households
|z Israel
|x History
|y To 1500
|v Congresses.
|
| 650 |
|
0 |
|a Material culture
|z Israel
|x History
|y To 1500
|v Congresses.
|
| 650 |
|
0 |
|a Excavations (Archaeology)
|z Israel
|v Congresses.
|
| 700 |
1 |
|
|a Yasur-Landau, Assaf.
|
| 700 |
1 |
|
|a Ebeling, Jennie R.
|
| 700 |
1 |
|
|a Mazow, Laura B.
|
| 710 |
2 |
|
|a American Schools of Oriental Research.
|b Meeting
|d (2008 :
|c Boston, Mass.)
|
| 830 |
|
0 |
|a Culture and history of the ancient Near East ;
|v v. 50.
|
| 938 |
|
|
|a YBP Library Services
|b YANK
|n 3660388
|
| 938 |
|
|
|a Erasmus Boekhandel
|b ERAA
|n NTS0000122235
|
| 938 |
|
|
|a Otto Harrassowitz
|b HARR
|n har115010910
|
| 938 |
|
|
|a Blackwell Book Service
|b BBUS
|n 3660388
|
| 938 |
|
|
|a Coutts Information Services
|b COUT
|n 17467517
|
| 947 |
|
|
|a A14840433240
|
| 945 |
|
|
|a PromptCat
|b 511990
|
| 946 |
|
|
|a stk
|
| 994 |
|
|
|a 92
|b TXA
|
| 948 |
|
|
|a Cataloged
|b h
|c 2011/7/7
|d c
|e rsmith
|
| 999 |
|
|
|a MARS
|
| 999 |
f |
f |
|s f2667a58-fd36-3b5f-8491-01a183cdae37
|i 77c528a3-6c43-3276-b587-205cb0d0ab04
|t 0
|
| 952 |
f |
f |
|p normal
|a Texas A&M University
|b College Station
|c Sterling C. Evans Library
|d Evans: Library Stacks
|t 0
|e GN778.32.I75 H68 2011
|h Library of Congress classification
|i unmediated -- volume
|m A14840433240
|
| 998 |
f |
f |
|a GN778.32.I75 H68 2011
|t 0
|l Evans: Library Stacks
|